Quick Pick: CIA Factbook Regions Quiz Stats

 Plays Quiz Updated Nov 4, 2017

Challenge
Share
Tweet
Embed
Score 0/16 Timer 01:30
0 Plays Today
% Correct
South America
88.8%
Europe
88.3%
North America
87.4%
Middle East
85.6%
Central America and Caribbean
85.3%
Africa
84.6%
Asia
77.5%
Oceania
74%
% Correct
Southeast Asia
70.7%
Indian Ocean
58.8%
Antarctic Region
58.6%
Pacific Ocean
58.4%
Atlantic Ocean
58%
Arctic Region
51%
Arctic Ocean
46.9%
Southern Ocean
44.1%

Today's Daily Dose

You're not logged in!

Compare scores with friends on all Sporcle quizzes.
OR
Log In

You Might Also Like...

Show Comments

Extras

Top Quizzes Today


Score Distribution

Your Account Isn't Verified!

In order to create a playlist on Sporcle, you need to verify the email address you used during registration. Go to your Sporcle Settings to finish the process.

Report this User

Report this user for behavior that violates our Community Guidelines.

Details: